LEADER 01194nam0 22002771i 450 001 SUN0017136 005 20110201114631.555 010 $a88-203-2052-5 100 $a20040601d1993 |0itac50 ba 101 $aita 102 $aIT 105 $a|||| ||||| 200 1 $aIlluminazione di esterni$ecriteri di progettazione e soluzioni illuminotecniche per cittą, grandi aree, impianti sportivi, strade e gallerie$fGianni Forcolini 210 $aMilano$cHoepli$d[1993] 215 $a288 p.$cill.$d24 cm. 606 $aIlluminazione pubblica$2FI$3SUNC008646 620 $dMilano$3SUNL000284 676 $a628.95$v21 700 1$aForcolini$b, Gianni$3SUNV013004$07971 712 $aHoepli$3SUNV000715$4650 801 $aIT$bSOL$c20190211$gRICA 912 $aSUN0017136 950 $aBIBLIOTECA DEL DIPARTIMENTO DI ARCHITETTURA E DISEGNO INDUSTRIALE$d01PREST M177 $e01 53058 20190208 950 $aBIBLIOTECA DEL DIPARTIMENTO DI ARCHITETTURA E DISEGNO INDUSTRIALE$d01PREST IIIC53 $e01 27776 20050725 996 $aIlluminazione di esterni$973991 997 $aUNICAMPANIA LEADER 02006oam 2200541M 450 001 9910716300703321 005 20200213070948.2 035 $a(CKB)5470000002519113 035 $a(OCoLC)1065623780 035 $a(OCoLC)995470000002519113 035 $a(EXLCZ)995470000002519113 100 $a20071213d1926 ua 0 101 0 $aeng 135 $aurcn||||||||| 181 $ctxt$2rdacontent 182 $cc$2rdamedia 183 $acr$2rdacarrier 200 10$aCharles B. Beck. February 20, 1926. -- Committed to the Committee of the Whole House and ordered to be printed 210 1$a[Washington, D.C.] :$c[U.S. Government Printing Office],$d1926. 215 $a1 online resource (13 pages) 225 1 $aHouse report / 69th Congress, 1st session. House ;$vno. 337 225 1 $a[United States congressional serial set ] ;$v[serial no. 8535] 300 $aBatch processed record: Metadata reviewed, not verified. Some fields updated by batch processes. 300 $aFDLP item number not assigned. 606 $aClaims 606 $aEmbezzlement 606 $aPostal service$xLaw and legislation$zUnited States$xCriminal provisions 606 $aPost office buildings 606 $aPostal service$xEquipment and supplies 606 $aPostal service$xEmployees 608 $aLegislative materials.$2lcgft 615 0$aClaims. 615 0$aEmbezzlement. 615 0$aPostal service$xLaw and legislation$xCriminal provisions. 615 0$aPost office buildings. 615 0$aPostal service$xEquipment and supplies. 615 0$aPostal service$xEmployees. 701 $aCarpenter$b Edmund Nelson$f1865-1952$pRepublican (PA)$01389402 801 0$bWYU 801 1$bWYU 801 2$bOCLCO 801 2$bOCLCQ 801 2$bOCLCO 801 2$bOCLCQ 906 $aBOOK 912 $a9910716300703321 996 $aCharles B. Beck. February 20, 1926. -- Committed to the Committee of the Whole House and ordered to be printed$93495868 997 $aUNINA